Vnímanie pojmu filantropia vo vybraných odvetviach východoslovenského regiónu bakalárska práca

Saved in:
Bibliographic Details
Main Author: Bončiková, Mária
Corporate Author: Podnikovohospodárska fakulta EU so sídlom v Košiciach. Katedra manažmentu
Other Authors: Bašistová, Alena
Format: Book
Language:Slovak
Published: Košice 2012
Tags: Add Tag
No Tags, Be the first to tag this record!

MARC

LEADER 00000nbm a2200000 4500
001 0155715
005 20161109111911.3
041 0 |a slo 
044 |a SK 
245 1 0 |a Vnímanie pojmu filantropia vo vybraných odvetviach východoslovenského regiónu  |b bakalárska práca  |c Mária Bončiková ; školiteľ: Alena Bašistová 
264 1 |a Košice  |c 2012 
300 |a 58 s. 
100 1 |a Bončiková, Mária 
700 1 |a Bašistová, Alena 
710 2 |a Podnikovohospodárska fakulta EU so sídlom v Košiciach. Katedra manažmentu